Statistics for Think you know Taylor Swift song?

Click here to take the quiz!

General Stats

  • This quiz has been taken 6,162 times
  • The average score is 8 of 8

Answer Stats

HintAnswer% Correct
and i'll write your ____name
99%
it'll leave ___ breathlessyou
98%
we'll take this way too___far
97%
they'll tell you i'm _____insane
97%
but i've go a ____________,babyblank space
96%
got a long list of ______ex-lovers
96%
or with a ___scarnasty
96%
cause we're ______ and we're recklessyoung
93%

Score Distribution

Percentile by Number Answered

Percent of People with Each Score

Your Score History

You have not taken this quiz